Statistics for Romance Languages

Click here to take the quiz!

General Stats

  • This quiz has been taken 61 times
  • The average score is 8 of 17

Answer Stats

Answer% Correct
French
100%
Spanish
100%
Italian
95%
Portuguese
88%
Catalan
82%
Romanian
81%
Romansh
60%
Galician
49%
Venetian
35%
Occitan
33%
Aragonese
32%
Walloon
30%
Provençal
16%
Ladino
12%
Leonese
12%
Norman
9%
Gallo
4%

Score Distribution

Percentile by Number Answered

Percent of People with Each Score

Your Score History

You have not taken this quiz